Office management practices in selected municipalities in the province of Rizal/ (Record no. 89168)

MARC details
000 -LEADER
fixed length control field 03735nam a2200253 4500
003 - CONTROL NUMBER IDENTIFIER
control field URS
005 - DATE AND TIME OF LATEST TRANSACTION
control field 20260126072111.0
008 - FIXED-LENGTH DATA ELEMENTS--GENERAL INFORMATION
fixed length control field 260122b |||||||| |||| 00| 0 eng d
100 ## - MAIN ENTRY--PERSONAL NAME
Personal name Arada, Ma. Beatris T.
Relator term researcher
245 ## - TITLE STATEMENT
Title Office management practices in selected municipalities in the province of Rizal/
Statement of responsibility, etc. Ma. Beatris T. Arada.
300 ## - PHYSICAL DESCRIPTION
Extent xiv, 99 leaves;
Dimensions 28 cm.
336 ## - CONTENT TYPE
Source rdacontent
Content type term text
337 ## - MEDIA TYPE
Source rdamedia
Media type term unmediated
338 ## - CARRIER TYPE
Source rdacarrier
Carrier type term volume
502 ## - DISSERTATION NOTE
Dissertation note Undergraduate Thesis
Degree type Bachelor of Science in Office Administration
Name of granting institution University of Rizal System Binangonan
Year degree granted 2025
520 ## - SUMMARY, ETC.
Summary, etc. "This study aimed to determine the office management practices of selected businesses in the province of Rizal, focusing on the domains of operations, facilities, human resources, and hybrid work. It also examined the profile of respondents and companies, including age, sex, educational attainment, monthly income, length of service, company capital, address, and number of employees. The scope of the study was limited to the top ten businesses in four municipalities of Rizal for the calendar year 2024, with data gathered from company administrators and department heads. The study sought to answer questions on the profile of respondents and companies, the extent of office management practices, and whether significant relationships exist between practices and business profiles. A null hypothesis was tested stating that no significant relationship exists between evaluated office management practices and company profiles. Statistical tools such as frequency. percentage, weighted mean, and Spearman's rank correlation coefficient were used for analysis. A descriptive-quantitative research design was employed, with a stratified random sampling of 40 businesses across Binangonan, Angono, Taytay, and Cainta. Respondents included 40 HR administrators and 80 department heads. Data were gathered using a validated questionnaire-checklist covering the variables of operations, facilities, human resources, and hybrid work. Findings revealed that operations were highly efficient, supported by technology and clear processes, while facilities were generally functional and accessible though in need of continuous upgrades. Human resource practices were strong in training, development, and performance management, yet compensation and benefits were perceived as less competitive. Hybrid work, however, was underdeveloped, with unclear policies and insufficient technological support, reflected in only moderate ratings. Further results indicated no significant relationship between office management practices and company profiles in terms of address, capital, and number of employees, suggesting uniformity of practices regardless of business size or location. It was concluded that Rizal businesses perform strongly in traditional office management domains but lag in hybrid work adoption. Thus, policies and practices appear consistent across profiles but require enhancement to meet modern demands. The study recommends improving hybrid work frameworks through clearer policies, better communication, and technological support; reviewing compensation packages for competitiveness; and investing in ergonomic. comfortable, and upgraded facilities to boost employee well-being and organizational resilience "
700 ## - ADDED ENTRY--PERSONAL NAME
Personal name Joanna Marie M. Oja
Relator term adviser
700 ## - ADDED ENTRY--PERSONAL NAME
Personal name Liana H. Cenido
Relator term researcher
700 ## - ADDED ENTRY--PERSONAL NAME
Personal name ristine Haina L. Cerda
Relator term researcher
700 ## - ADDED ENTRY--PERSONAL NAME
Personal name Sofia M. Paralejas
Relator term researcher
856 ## - ELECTRONIC LOCATION AND ACCESS
Materials specified Online Request for Student Unpublished
Uniform Resource Identifier <a href="https://forms.gle/7LqvGGkaDrUQqz429">https://forms.gle/7LqvGGkaDrUQqz429</a>
856 ## - ELECTRONIC LOCATION AND ACCESS
Uniform Resource Identifier <a href="https://drive.google.com/file/d/1zdq-3YqzNiew9OhcyL6VF1J--gTpPb0b/view?usp=drive_link">https://drive.google.com/file/d/1zdq-3YqzNiew9OhcyL6VF1J--gTpPb0b/view?usp=drive_link</a>
942 ## - ADDED ENTRY ELEMENTS (KOHA)
Source of classification or shelving scheme Library of Congress Classification
Koha item type Theses and dissertations
Holdings
Withdrawn status Source of classification or shelving scheme Damaged status Not for loan Home library Current library Date acquired Total Checkouts Full call number Barcode Date last seen Price effective from Koha item type
  Library of Congress Classification     Binangonan College Library Binangonan College Library 01/22/2026   BSOA Ar119 2025 URSBIN-UGT3665 01/22/2026 01/22/2026 Theses and dissertations

University of Rizal System
Email us at univlibservices@urs.edu.ph

Visit our Website www.urs.edu.ph/library